000 01279nam a2200373 c 4500
999 _c52466
_d52466
003 BLK
005 20231220005224.0
008 180408b bul|||||r ||||||| ||bul||
010 _aKNG00056390000
020 _a954-8560-85-2
040 _aBLK
041 _aBUL
_cBUL
072 7 _2bullib
_aЯ
_xАвтографи
080 _aБългарска литература
_b821.163.2
_x-1
_z821.163.2-1
100 1 _aШошева, Дина
_eпърви автор
_9284486
139 _aШошева, Дина и др.
_bШ 91
245 1 0 _aЛиричен двуглас
_bЛюбовна лирика
_cДина Шошева; съавт. Румен Януаров; худож. Огнян Балканджиев.
257 _aBGR
260 _bПарнас
_c2005
_fРусе : Авангард принт
300 _a40 с.
_c20 см
380 _aX
659 _aК
659 _aЯ
700 1 _aЯнуаров, Румен
_eсъавт.
_9368759
700 _aБалканджиев, Огнян Георгиев
_9364857
852 _aЦб 225400
852 _aК 821.163.2/Ш 91
856 4 _qpdf
856 4 _qpdf
942 _cKNG
_n0
_s1
944 _aCR
_c07.11.2005
_k
_lCRON CRON
944 _aED
_c02.11.2012
999 _d52466